000 01309nam a22003737a 4500
003 CHAP
005 20220329141223.0
008 971010s1986 r 00010 d
010 _a64600
011 _a65572
035 _a72577
040 _cCHAP
090 _aTesis
100 0 0 _aParra Hake, Heriberto.
_985729
245 _aIntroducción al estudio de las plantas alimenticias de Baja California Sur
260 _aChapingo, Méx. :
_bEl autor,
_c1986
300 _a82 p.
_b: ilus.
500 _aD98-100
502 _aTesis (Ing. Agr. Esp. en Fitotecnia) -- UACH. Departamento de Fitotecnia
590 _aALEPH
_b10
_c20130110
_lUCH01
_h1353
590 _aBATCH-UPD
_b10
_c20130110
_lUCH01
_h0432
590 _aBATCH-UPD
_b10
_c20130110
_lUCH01
_h2235
590 _aBATCH-UPD
_b10
_c20130410
_lUCH01
_h0107
590 _aBATCH-UPD
_b10
_c20130914
_lUCH01
_h0739
590 _aCONVERSION
_b10
_c20130109
_lUCH01
_h1335
650 1 4 _aBotánica económica
_xBaja California Sur.
_914659
650 1 4 _aEtnobotánica
_xBaja California Sur.
_938614
650 1 4 _aPlantas comestibles
_xBaja California Sur.
_988910
901 _aBK
942 _cFOLL
949 _bBC
_cTES
_d-143216
_eTS1
_h28796
_i72577
_si
949 _bBC
_cTES
_d33724000077194
_eTS2
_fc.2
_h28797
_i72577
_si
949 _bZA
_cTES
_d-5287
_eTS1
_i72577
_si
999 _c64600
_d64600